000 00243nam a2200097Ia 4500
008 240331s9999 xx 000 0 und d
082 _bDIR
100 _aDirie.W
245 0 _aDesert Flower :
_bThe Extraordinary Life of a Desert Nomad
942 _cL
999 _c5798
_d5798